00419nam a22000977a 4500008004100000082001300041100002400054245019700078260003600275300001000311230621b xxu||||| |||| 00| 0 eng d a328bERS cSir Thomas Erskine  aThe law, privileges proceedings and Usage of ParliamentbPresented to the Legislative council of kenya by the united Kingdon Branch of the commonwealth parliamentary Association February 1954 alondonbButterworth & co c1950 a1057p